00718 a2200193 450000100060000002000180000604000220002410000180004624000310006424500260009530000080012136200090012965000230013894200070016195201130016895201130028195201130039499900170050756843 a9788537702789 cAnchieta - Pituba aGaldino, Luiz10aO enigma das amazonaslpor10aO enigma das amazonas a1120 a2008 4aLiteratura juvenil cBK 00104070a91.1b91.1d2023-11-21l0oLJ 028.5 G149e GAL ENIp6525/PITr2023-11-21 18:24:24w2023-11-21yBK 00104070a91.1b91.1d2023-11-21l0oLJ 028.5 G149e GAL ENIp6526/PITr2023-11-21 18:24:24w2023-11-21yBK 00104070a91.1b91.1d2023-11-21l0oLJ 028.5 G149e GAL ENIp6527/PITr2023-11-21 18:24:24w2023-11-21yBK c56843d56843